000 00510cam a2200181 4500500
005 20260405002531.0
041 _afre
042 _adc
100 1 0 _aLavis, Alexis
_eauthor
245 0 0 _aBhāvana
260 _c2017.
500 _a16
690 _aAlexis Lavis
690 _aBhāvana
690 _aInde
786 0 _nPhilosophie magazine | 112 | 9 | 2017-09-01 | p. 33-33 | 1951-1787
856 4 1 _uhttps://shs.cairn.info/magazine-philosophie-magazine-2017-9-page-33?lang=fr&redirect-ssocas=7080
999 _c2058607
_d2058607